Vida de Nuestro Señor Jesucristo: exposición histórica, crítica y apologética
Saved in:
| Hovedforfatter: | |
|---|---|
| Format: | Bog |
| Sprog: | spansk |
| Udgivet: |
Madrid
Voluntad
1925
|
| Udgivelse: | 1a. ed |
| Fag: | |
| Tags: |
Tilføj Tag
Ingen Tags, Vær først til at tagge denne postø!
|
MARC
| LEADER | 00000cam a2200000 a 4500 | ||
|---|---|---|---|
| 001 | UCD2123 | ||
| 003 | CL-VaPUC | ||
| 008 | 160414e19250000sp |||||||||||||||||spa|d | ||
| 082 | 0 | 4 | |a 232.9 |b FIL |2 21 |
| 100 | 0 | |a Fillion, Louis-Claude |e author |9 585382 | |
| 245 | 1 | 0 | |a Vida de Nuestro Señor Jesucristo: exposición histórica, crítica y apologética |
| 250 | |a 1a. ed | ||
| 300 | |a t | ||
| 942 | |c BK | ||
| 945 | |d 20160414 22:20:00 |a dcastane | ||
| 260 | |a Madrid |b Voluntad |c 1925 | ||
| 650 | 0 | |a Vida de Jesús |9 478097 | |
| 650 | 0 | |a Cristología |9 315091 | |
| 583 | |a last modification |c 20160414 22:20:00 |k Rodrigo Vera | ||
| 999 | |c 363318 |d 363316 | ||
| 952 | |0 0 |1 0 |3 erd |4 0 |6 232_900000000000000_FIL_1925 |7 0 |8 X |9 475457 |a BIBTEO |b BIBTEO |c TEO_FFR |h t.1 |i 5223636 |o 232.9 FIL 1925 |p 5223636 |r 2024-01-18 |w 2019-11-24 |y BK_X |z Catalogado en:20160414 |k OFM | ||
| 952 | |0 0 |1 0 |3 erd |4 0 |6 232_900000000000000_FIL_1925 |7 0 |8 X |9 475458 |a BIBTEO |b BIBTEO |c TEO_FFR |h t.2 |i 5223644 |o 232.9 FIL 1925 |p 5223644 |r 2024-01-18 |w 2019-11-24 |y BK_X |z Catalogado en:20160414 |k OFM | ||
| 952 | |0 0 |1 0 |3 erd |4 0 |6 232_900000000000000_FIL_1925 |7 0 |8 X |9 475459 |a BIBTEO |b BIBTEO |h t.3 |i 5223652 |o 232.9 FIL 1925 |p 5223652 |r 2024-01-18 |w 2019-11-24 |y BK_X |z Catalogado en:20160414 |k OFM | ||
| 952 | |0 0 |1 0 |3 erd |4 0 |6 232_900000000000000_FIL_1925 |7 0 |8 X |9 475460 |a BIBTEO |b BIBTEO |h t.4 |i 5223660 |o 232.9 FIL 1925 |p 5223660 |r 2024-01-18 |w 2019-11-24 |y BK_X |z Catalogado en:20160414 |k OFM | ||